Żeńskie imiona na literę B - Statystyki

Ogólne statystyki
  • Ten quiz został rozwiązany 1 156 razy
  • Średni wynik to 6 z 15
Statystyki odpowiedzi
Imię % Poprawnych
B Barbara
97%
B Beata
75%
B Bożena
66%
B Bogumiła
57%
B Bogusława
55%
B Blanka
48%
B Bronisława
46%
B Bernadeta
45%
B Bianka
39%
B Bogna
31%
B Brygida
22%
B Bogdana
16%
B Benedykta
12%
B Berta
11%
B Boguchwała
7%
Nie znaleziono quizów pasujących do podanych kryteriów
Rozkład punktacji
Procent ludzi z każdym wynikiem
Percentyl według liczby udzielonych odpowiedzi
Twoja historia wyników
Nie rozwiązałeś tego quizu